Haiku Multiple Choice: The Simpsons Quiz Stats

 Plays Quiz Updated Feb 9, 2020

Support Sporcle.
Go Orange.
Score 0/18 Timer 05:00
0 Plays Today
Question Answer Wrong Answers
O, famed beverage!
We love your amusement park
And your caped mascot.
Duff Beer
92.3%
Flaming Homer
2.5%
Absolut Krusty
2.8%
Squishee
2.3%
With twelve dollar milk,
It's an inconvenient store.
Thank you, come again!
Kwik-E-Mart
91.3%
Costington's
1.4%
Try-N-Save
1.6%
The Leftorium
1.3%
Softly, in darkness
Enormous shoes are creeping.
Bart Simpson beware!
Sideshow Bob
90.2%
Snake Jailbird
1.8%
Herman Hermann
1.6%
L.T. Smash
1.3%
Like a faithful hound,
This executive aide
Really loves his boss.
Waylon Smithers
90%
Lenny Leonard
1.9%
Barney Gumble
2.3%
Ned Flanders
4.1%
Rhinestone encrusted,
This smooth nightclub denizen
Doesn't advertise.
Disco Stu
86.5%
Fat Tony
5.7%
Artie Ziff
2.8%
Señor Ding Dong
2.1%
Neighbors to the West,
Springfield's most bitter rivals.
Begone, lemon thieves!
Shelbyville
84.4%
North Haverbrook
3.5%
Capital City
3.7%
Terror Lake
2%
The beast with three eyes,
A Nuclear mutation
Born from glowing waste.
Blinky
80.5%
Kodos
4.4%
Pinchy
2.5%
Jub-Jub
6.8%
You might remember
Me from self-help videos
Like, 'Smoke Yourself Thin.'
Troy McClure
77.4%
Lionel Hutz
6.4%
Gil Gunderson
5.9%
Drederick Tatum
3.1%
Stampy was his name.
A bad idea (in theory)
To keep such a pet.
Elephant
74.7%
Bull
4.9%
Pig
10%
Walrus
2.5%
Spend your allowance
In this oasis for nerds.
Best... store name... ever.
The Android's Dungeon
73.8%
Cockamamie's
4.7%
Bloodbath & Beyond
8.5%
The Vast Waistband
6.4%
I bent my wookiee,
Supernintendo Chalmers.
That's unpossible!
Ralph Wiggum
73%
Üter Zörker
4.6%
Milhouse Van Houten
8.7%
Martin Prince
5.4%
Doom at the Speedway
T-Shirt cannon homicide
All Springfield shall mourn
Maude Flanders
72.5%
Bleeding Gums Murphy
9.9%
Edna Krabappel
4.3%
Frank Grimes
9.5%
X-Rays once revealed
This IQ-draining object
Lodged in Homer's brain.
Crayon
72.2%
Toy Car
6.7%
Peanut
11.5%
Golf Ball
4.3%
Balls roll, pins are smashed.
Homer, Apu, Moe, and Burns
Don snazzy team shirts.
The Pin Pals
69.5%
The Be Sharps
7%
The Holy Rollers
15.1%
The Stonecutters
2.4%
Gritty former cop
Bones snap, guns fire, cars explode
He screams, 'Mendoza!'
McBain
66.1%
Radioactive Man
6.3%
Dolph Starbeam
5.8%
Hank Scorpio
14.3%
Deep in the jungle,
Quetzalacatenango,
Grows a brutal food
Insanity Peppers
61.9%
Tomacco
20.3%
Powersauce
4.3%
Khlav Kalash
5.3%
Ancient and bearded.
Are you talkin' out of turn?
Oh, that's a paddlin'.
Jasper
58.9%
Grampa
13.3%
Hans Moleman
5.3%
Groundskeeper Willie
14.8%
This word, in Scrabble,
Is perfectly cromulent.
(But may rile Homer)
Kwyjibo
55%
Smarch
13.7%
Rageohol
12.9%
Velocitator
11.5%

You're not logged in!

Compare scores with friends on all Sporcle quizzes.
OR
Log In
Forgot?

From the Vault

Multi-Category Minefield Blitz: Africa

by Thebiguglyalien

Geography 60s
It's a huge continent, so the number of categories could be almost endless.
Remove Ads.
Support Sporcle.
Get the best of Sporcle when you Go Orange. This ad-free experience offers more features, more stats, and more fun while also helping to support Sporcle. Thank you for becoming a member.

Show Comments

Extras

Top Quizzes Today


Score Distribution

Your Account Isn't Verified!

In order to create a playlist on Sporcle, you need to verify the email address you used during registration. Go to your Sporcle Settings to finish the process.

Report this User

Report this user for behavior that violates our Community Guidelines.

Details: